DROPS ONLY #2 : Dimitri Vegas & Like Mike - Tomorrowland 2016 - Statistiques

Statistiques générales
  • Ce quiz a été pris 9 fois
  • Le résultat moyen est 19 sur 27
Statistiques - réponses
Hint Réponse % Correct
53:57 Dimitri Vegas & Like Mike & Moguai - Mammoth
100%
52:28 Dimitri Vegas & Like Mike & Moguai - Mammoth (Futuristic Polar Bears Remix)
100%
16:06 Dimitri Vegas & Like Mike & Ummet Ozcan - The Hum
100%
17:55 Dimitri Vegas & Like Mike & Ummet Ozcan - The Hum (Brennan Heart WE R Hardstyle Edit)
100%
47:34 Dimitri Vegas & Like Mike & W&W - Arcade
100%
49:06 Dimitri Vegas & Like Mike & W&W - Arcade (Coone Remix)
100%
56:17 Dimitri Vegas & Like Mike & Steve Aoki & Ummet Ozcan - Melody
83%
58:15 Dimitri Vegas & Like Mike & Steve Aoki & Ummet Ozcan - Melody (Coone Remix)
83%
4:24 Dimitri Vegas & Like Mike - Don't Stop (Intro)
83%
35:41 Martin Garrix & Dimitri Vegas & Like Mike - Tremor (Sensation 2014 Anthem)
83%
37:07 Martin Garrix & Dimitri Vegas & Like Mike - Tremor (Sensation 2014 Anthem) (Wolfpack & Ibranovski Remix)
83%
27:09 Bassjackers & Jay Hardway - El Mariachi
67%
41:51 Bassjackers - One Fifty
67%
28:48 Daddy Yankee - Gasolina (Blasterjaxx Remix)
67%
23:58 Dimitri Vegas & Like Mike & Diplo - Hey Baby
67%
24:50 Dimitri Vegas & Like Mike & Diplo - Hey Baby (Coone Remix)
67%
10:57 Dimitri Vegas & Like Mike & Ummet Ozcan - Addicted
67%
13:29 Dimitri Vegas & Like Mike (feat.Ne-Yo) - Higher Place (Bassjackers Remix)
67%
6:44 Dimitri Vegas & Like Mike - Ready For Action
67%
1:02:03 Dimitri Vegas & Like Mike - Stay A While (Ummet Ozcan Remix)
67%
50:54 Garmiani - Bomb A Drop
67%
8:27 Blasterjaxx - Big Bird
50%
40:02 Dimitri Vegas & Like Mike & KSHMR - OPA
50%
21:45 Mike Cervello - Fuego
50%
1:00:45 Dimitri Vegas & Like Mike - Stay A While
33%
44:18 Federico Scavo (feat. Andrea Guzzoletti) - Strump (Jamis Remix)
33%
19:31 GLOWINTHEDARK ft. MC Gee - Number One
33%
Aucun quiz correspondant
Distribution des résultats
% des personnes avec chaque résultat
Percentile par nombre de réponses
Votre historique - résultats
Vous n’avez pas pris ce quiz